Countries From Four Words #2 - Statistics

General Stats
  • This quiz has been taken 419 times
  • The average score is 14 of 27
Answer Stats
Answer % Correct
Iran
86%
Bahrain
83%
Oman
72%
Laos
65%
Mali
64%
Haiti
62%
Italy
57%
Bhutan
54%
Brunei
53%
Armenia
52%
Belarus
51%
Syria
51%
Israel
50%
Libya
50%
Austria
46%
Samoa
46%
Estonia
44%
Liberia
44%
Malta
44%
Romania
41%
Lithuania
37%
Serbia
36%
Tunisia
36%
Somalia
34%
Burma
31%
Namibia
30%
Suriname
30%
No matching quizzes found
Score Distribution
Percent of People with Each Score
Percentile by Number Answered
Your Score History
You have not taken this quiz